Концепт будущего в предвыборной программе Коммунистической партии Российской Федерации; Молодой ученый; № 7

ग्रंथसूची विवरण
Parent link:Молодой ученый: ежемесячный научный журнал.— , 2008-
№ 7.— 2015.— [С. 530-532]
मुख्य लेखक: Давыдова В. И. Валентина Игоревна
निगमित लेखक: Национальный исследовательский Томский политехнический университет (ТПУ) Институт неразрушающего контроля (ИНК) Кафедра иностранных языков Института неразрушающего контроля (ИЯНК)
अन्य लेखक: Сенцов А. Э. Аркадий Эдуардович
सारांश:Заглавие с экрана
В современной политической науке проблема исследования основных политических концептов становится крайне актуальной. Одним из важнейших концептов такого уровня является концепт будущего, являющийся важнейшим элементом в партийной программе.
Режим доступа: по договору с организацией-держателем ресурса
भाषा:रूसी
प्रकाशित: 2015
श्रृंखला:Политолология
विषय:
ऑनलाइन पहुंच:http://www.moluch.ru/archive/87/17112/
http://elibrary.ru/item.asp?id=23287335
स्वरूप: इलेक्ट्रोनिक पुस्तक अध्याय
KOHA link:https://koha.lib.tpu.ru/cgi-bin/koha/opac-detail.pl?biblionumber=642389

MARC

LEADER 00000nla0a2200000 4500
001 642389
005 20250203145850.0
035 |a (RuTPU)RU\TPU\network\7346 
035 |a RU\TPU\network\7345 
090 |a 642389 
100 |a 20150624d2015 k||y0rusy50 ca 
101 0 |a rus 
102 |a RU 
135 |a drcn ---uucaa 
181 0 |a i  
182 0 |a b 
200 1 |a Концепт будущего в предвыборной программе Коммунистической партии Российской Федерации  |f В. И. Давыдова, А. Э. Сенцов 
203 |a Текст  |c электронный 
225 1 |a Политолология 
300 |a Заглавие с экрана 
320 |a [Библиогр.: с. 532 (6 назв.)] 
330 |a В современной политической науке проблема исследования основных политических концептов становится крайне актуальной. Одним из важнейших концептов такого уровня является концепт будущего, являющийся важнейшим элементом в партийной программе. 
333 |a Режим доступа: по договору с организацией-держателем ресурса 
461 |t Молодой ученый  |o ежемесячный научный журнал  |d 2008- 
463 |t № 7  |v [С. 530-532]  |d 2015 
610 1 |a электронный ресурс 
610 1 |a труды учёных ТПУ 
610 1 |a программа партии 
610 1 |a концепты 
610 1 |a будущее 
610 1 |a Коммунистическая партия 
610 1 |a Российская Федерация 
610 1 |a парламентские партии 
700 1 |a Давыдова  |b В. И.  |g Валентина Игоревна 
701 1 |a Сенцов  |b А. Э.  |c лингвист  |c доцент Томского политехнического университета, кандидат политических наук  |f 1983-  |g Аркадий Эдуардович  |3 (RuTPU)RU\TPU\pers\27933 
712 0 2 |a Национальный исследовательский Томский политехнический университет (ТПУ)  |b Институт неразрушающего контроля (ИНК)  |b Кафедра иностранных языков Института неразрушающего контроля (ИЯНК)  |3 (RuTPU)RU\TPU\col\18721 
801 2 |a RU  |b 63413507  |c 20150624  |g RCR 
856 4 0 |u http://www.moluch.ru/archive/87/17112/ 
856 4 0 |u http://elibrary.ru/item.asp?id=23287335 
942 |c CF